| 000 | 01176nam a2200349Ia 4500 | ||
|---|---|---|---|
| 001 | Z_2520 | ||
| 003 | CHAP | ||
| 008 | 220113s1976 xx 000 0 und d | ||
| 010 | _a165579 | ||
| 020 | _a968-18-1046-5 | ||
| 040 | _cCHAP | ||
| 082 | _a574.192 C66 | ||
| 100 |
_aConn, Eric E. _927196 |
||
| 245 |
_aBioquímica fundamental / _cEric E. Conn y P. K. Stumpf, versión en español J. Gabriel Velasco F. y Emiliano Cabrera Juárez |
||
| 250 | _a3a ed. | ||
| 260 |
_aMéxico : _bLimusa, _c1976 |
||
| 300 | _a635 p. | ||
| 500 | _aTraducción de la obra en inglés: Outlines of biochemistry, 3a ed. de 1976 \ La biblioteca cuenta con la 5a reimpresión de 1984 y 9a reimpresión de 1991 | ||
| 503 | _aej.1: C/E \ ej.2: s/n \ ej.3: C/E \ ej.4: C/E \ ej.5: C/E \ ej.6: C/E \ ej.7: C/E | ||
| 504 | _aBibliografía: p. 607 - 608 | ||
| 650 |
_aBioquímica _912849 |
||
| 650 |
_aMetabolismo _975149 |
||
| 700 |
_a Cabrera Juárez, Emiliano, tr. _9139504 |
||
| 700 |
_a Velasco F., J. Gabriel, tr. _9139505 |
||
| 700 |
_aStumpf, P. K., aut. _9139506 |
||
| 901 | _a574.192 C66 | ||
| 902 | _aM | ||
| 910 | _a1976 | ||
| 942 | _c1 | ||
| 942 | _cc1 | ||
| 999 |
_c165579 _d165579 |
||